| 000 | 00447nam a22001457a 4500 | ||
|---|---|---|---|
| 003 | MACL | ||
| 005 | 20200903155403.0 | ||
| 008 | 200903b xxu||||| |||| 00| 0 eng d | ||
| 040 | _cMACL | ||
| 100 |
_aजैन,प्रभाकिरण _979486 |
||
| 245 | _aश्रीराम | ||
| 260 |
_aदिल्ली _bभारतीय ज्ञानपीठ _c2017 |
||
| 650 |
_aचिल्ड्रन बुक _9159 |
||
| 942 |
_2ddc _cHIN |
||
| 999 |
_c63109 _d63109 |
||